000 00711nam a22001817a 4500
999 _c371351
_d371351
008 201127b ||||| |||| 00| 0 eng d
040 _aDE-2950
_bger
_cDE-2950
_erda
041 _ager
245 _aWelche Zukunft haben Äpfel aus Frankfurt?
_bRegionales Obst: Was den Apfelbauern aus Markendorf am meisten zu schaffen macht und was sie ihren Kunden künftig anbieten wollen /
_cLisa Mahlke
264 _c2022
653 _aFrankfurt (Oder)
653 _aObstanbau
773 _dFrankfurt (Oder) Märkisches Verlags- und Druckhaus GmbH & Co KG
_tMärkische Oderzeitung
_g33. Jahrgang (2022) Nr. 15 vom 19.01.2022, S. 13
942 _cA